Termodinámica para ingeniería con transferencia de calor /
Gorde:
| Egile nagusia: | |
|---|---|
| Beste egile batzuk: | |
| Formatua: | Liburua |
| Hizkuntza: | gaztelania |
| Argitaratua: |
México :
Trillas,
1996, c1996
|
| Gaiak: | |
| Etiketak: |
Etiketarik gabe, Izan zaitez lehena erregistro honi etiketa jartzen!
|
MARC
| LEADER | 00000nam^a2200000^a^4500 | ||
|---|---|---|---|
| 001 | 000143215 | ||
| 005 | 20250521000000.0 | ||
| 009 | 20260310095717.661 | ||
| 020 | |a 968-24-5204-X | ||
| 037 | |a Acervo ITESO - Biblioteca | ||
| 041 | |a ESP | ||
| 082 | |a 621. 4021 |b HAB | ||
| 100 | |a Haberman, William L. |e (autor) | ||
| 245 | 1 | 0 | |a Termodinámica para ingeniería con transferencia de calor / |c W.L. Haberman, J.E.A. John ; tr. por Jorge Sánchez Sánchez. |
| 264 | 4 | |a México : |b Trillas, |c 1996, c1996 | |
| 300 | |a 700 p. | ||
| 336 | |a texto |b txt |2 rdacontenido | ||
| 337 | |a sin mediación |b n |2 rdamedio | ||
| 338 | |a volumen |b nc |2 rdasoporte | ||
| 500 | |a Traducción de: Engineering Thermodynamics with Heat Transfer | ||
| 649 | |a XX | ||
| 650 | |a Calor | ||
| 650 | |a Transferencia de Calor | ||
| 650 | |a Intercambiadores de Calor | ||
| 650 | |a Combustión | ||
| 650 | |a Propiedades Termodinámicas | ||
| 650 | |a Termodinámica | ||
| 650 | |a Fenómenos de Transporte | ||
| 650 | |a Energía Geotérmica | ||
| 650 | |a Ingeniería Química | ||
| 650 | |a Ingeniería Térmica | ||
| 700 | |a John, James E.A. |e (autor) | ||
| 910 | |a Fondo General | ||
| 920 | |a Impresos - Libros | ||
| 930 | |a Colección General | ||
| 905 | |a 101 | ||
| 901 | |a 0500071771 |b IT1 |c ACC |u 20250521 | ||
| 901 | |a 0500080064 |b IT1 |c ACC |u 20250521 | ||
| 902 | |a https://opac.biblio.iteso.mx/vufind/Record/000143215 | ||